000 00424nam a2200181Ia 4500
001 14657
005 20260306164930.0
008 260306t2009||||xx |||||||||||||| ||spa||
041 _aESP
082 _a515.43
_bL25
100 _aLarson, Ron
_eAUT
245 0 _aCálculo integral:
_bmatemáticas 2
260 _c2009
300 _av.s páginas :
_c27 cm.
650 _aGEN
654 _aCMA
942 _cLIB
_dJUS
_fJUS
_2ddc
_n
999 _c14657
_d14657